000 00735nam a2200241Ia 4500
003 OSt
005 20220923212457.0
006 a|||||r|||| 00| 0
007 ta
008 220922b |||||||| |||| 00| 0 hin d
024 _a153,383
037 _cTextual
040 _aARTS
_cARTS
_bhin
041 _2hin
_ahin
082 _aO15v, 152J3
100 _aउपाध्याय, बलदेव
245 0 _aसंस्कृत साहित्य का इतिहास
246 _aSanskṛut sāhitya kā itihāsa
260 _c1953
650 _aसंस्कृत साहित्य
942 _hO15v, 152J3
_cTEXL
_2CC
999 _c309029
_d309029